[Event "Split op 8th"]
[Site "Split"]
[Date "2018.08.17"]
[Round "7"]
[White "Spiranec, Noemi"]
[Black "Holvason, Juri"]
[Result "0-1"]
[WhiteElo "1999"]
[BlackElo "2222"]
[PlyCount "54"]
[EventDate "2018.08.12"]
[EventType "swiss"]
[EventRounds "9"]
[EventCountry "CRO"]
[SourceTitle "CBM 186 Extra"]
[Source "ChessBase"]
[SourceDate "2018.08.24"]
[SourceVersion "1"]
[SourceVersionDate "2018.08.24"]
[SourceQuality "1"]

1. d4 Nf6 2. c4 g6 3. Nc3 Bg7 4. e4 d6 5. Bd3 0-0 6. Nge2 Nc6 7. 0-0 Nh5 8. Be3 e5 9. d5 Nd4 10. Rc1 c5 11. Qd2 f5 12. f4 Nxe2+ 13. Nxe2 g5 14. g3 fxe4 15. Bxe4 exf4 16. gxf4 Qe7 17. Bd3 Bh3 18. Rfe1 gxf4 19. Nxf4 Nxf4 20. Bxf4 Qf7 21. Be3 Rae8 22. Bf2 Qf3 23. Bf1 Bxf1 24. Rxf1 Re2 25. Qg5 Rxf2 26. Rfe1 Qf4 27. Qxf4 R2xf4 0-1

[Event "Oberliga Ost-B 1516"]
[Site "Germany"]
[Date "2016.01.17"]
[Round "7.2"]
[White "Geske, Julian"]
[Black "Holvason, Juri"]
[Result "1/2-1/2"]
[WhiteElo "2398"]
[BlackElo "2221"]
[PlyCount "44"]
[EventDate "2015.09.20"]
[EventType "team-tourn"]
[EventRounds "11"]
[EventCountry "GER"]
[SourceTitle "EXT 2017"]
[Source "ChessBase"]
[SourceDate "2016.10.25"]
[SourceVersion "1"]
[SourceVersionDate "2016.10.25"]
[SourceQuality "1"]
[WhiteTeam "Wiesbaden"]
[BlackTeam "Frankfurt BvK"]
[WhiteTeamCountry "GER"]
[BlackTeamCountry "GER"]

1. d4 Nf6 2. g3 g6 3. Bg2 Bg7 4. e4 d6 5. Nc3 c6 6. a4 a5 7. Nge2 0-0 8. 0-0 e5 9. h3 Na6 10. Be3 exd4 11. Bxd4 Re8 12. Qd2 Nb4 13. Rad1 Be6 14. f4 Bc4 15. Rf2 Qe7 16. b3 Ba6 17. Bb6 Bxe2 18. Rxe2 Nh5 19. Bf2 Rad8 20. Kh2 Qc7 21. Nb1 Nf6 22. Na3 d5 1/2-1/2

[Event "Oberliga Ost-B 1516"]
[Site "Germany"]
[Date "2015.11.15"]
[Round "4.1"]
[White "Donchenko, Anatoly G"]
[Black "Holvason, Juri"]
[Result "0-1"]
[WhiteElo "2326"]
[BlackElo "2221"]
[PlyCount "162"]
[EventDate "2015.09.20"]
[EventType "team-tourn"]
[EventRounds "11"]
[EventCountry "GER"]
[SourceTitle "EXT 2017"]
[Source "ChessBase"]
[SourceDate "2016.10.25"]
[SourceVersion "1"]
[SourceVersionDate "2016.10.25"]
[SourceQuality "1"]
[WhiteTeam "Giessen"]
[BlackTeam "Frankfurt BvK"]
[WhiteTeamCountry "GER"]
[BlackTeamCountry "GER"]

1. Nf3 Nf6 2. c4 g6 3. Nc3 Bg7 4. e4 d6 5. d4 0-0 6. Be2 e5 7. dxe5 dxe5 8. Qxd8 Rxd8 9. Bg5 Re8 10. 0-0-0 Na6 11. Ne1 Nc5 12. f3 c6 13. Nc2 Nfd7 14. Rd2 Ne6 15. Be3 Nd4 16. Rhd1 Nf8 17. Bf1 Nfe6 18. Ne2 Nxe2+ 19. Bxe2 Nd4 20. Nxd4 exd4 21. Bxd4 Bh6 22. Bf6 Be6 23. b3 Rac8 24. Kb2 Bxd2 25. Rxd2 Rc7 26. Bd3 Bc8 27. g4 h6 28. h4 Rd7 29. Kc3 c5 30. f4 Rd6 31. g5 h5 32. Be5 Rc6 33. Bf6 Bg4 34. Rf2 Rc7 35. a3 Rd7 36. Rf1 Re6 37. Be5 Kf8 38. Bc2 a6 39. a4 Re8 40. Bf6 Be2 41. Re1 Bf3 42. Bd3 Re6 43. Be5 Ke8 44. a5 Kd8 45. Bc2 Kc8 46. Rf1 Be2 47. Re1 Bg4 48. Rf1 Re8 49. Re1 Re6 50. Rf1 Be2 51. Re1 Bf3 52. Rf1 Be2 53. Re1 Bf3 54. Rb1 Be2 55. Re1 Bf3 56. Rb1 Be2 57. b4 cxb4+ 58. Rxb4 Rc6 59. f5 Rc5 60. Bf6 Rdc7 61. fxg6 fxg6 62. e5 Rxc4+ 63. Rxc4 Bxc4 64. Kd4 Bf7 65. e6 Be8 66. Be4 Rc1 67. Be7 Re1 68. Bc5 Re2 69. Bd6 Ra2 70. Ke5 Re2 71. Kd4 Re1 72. Bg3 Ra1 73. Ke5 Rxa5+ 74. Kf6 Ra3 75. Ke7 Re3 76. Kxe8 Rxe4 77. Kf7 b5 78. Kxg6 Rxe6+ 79. Kxh5 b4 80. g6 b3 81. g7 Re8 0-1

[Event "Oberliga Ost-B 1516"]
[Site "Germany"]
[Date "2015.09.20"]
[Round "1.1"]
[White "Holvason, Juri"]
[Black "Zimmermann, Hendrik"]
[Result "0-1"]
[WhiteElo "2221"]
[BlackElo "2110"]
[PlyCount "180"]
[EventDate "2015.09.20"]
[EventType "team-tourn"]
[EventRounds "11"]
[EventCountry "GER"]
[SourceTitle "EXT 2017"]
[Source "ChessBase"]
[SourceDate "2016.10.25"]
[SourceVersion "1"]
[SourceVersionDate "2016.10.25"]
[SourceQuality "1"]
[WhiteTeam "Frankfurt BvK"]
[BlackTeam "Nied"]
[WhiteTeamCountry "GER"]
[BlackTeamCountry "GER"]

1. e4 c5 2. Nf3 d6 3. d4 cxd4 4. Nxd4 Nf6 5. Nc3 a6 6. g3 e5 7. Nde2 Be7 8. Bg2 b5 9. 0-0 Nbd7 10. Nd5 Nxd5 11. exd5 h5 12. a4 bxa4 13. Nc3 h4 14. Rxa4 Rb8 15. b3 Nc5 16. Ra2 Bg5 17. Ba3 hxg3 18. hxg3 Nb7 19. Re1 f5 20. Qe2 Qc7 21. Bb4 Nd8 22. Ba5 Qc5 23. Rea1 0-0 24. Ra4 Nf7 25. Rc4 Qa7 26. Rc7 Rb7 27. Rc6 Re7 28. Bb4 Rd8 29. Ba5 Rde8 30. Qc4 Bb7 31. Rc7 e4 32. Ne2 Ne5 33. Qd4 Qb8 34. Rxe7 Rxe7 35. Qb6 Qc8 36. Nd4 Qd7 37. Qd8+ Kh7 38. Qxd7 Rxd7 39. c4 g6 40. Ne6 Be7 41. Bf1 Kg8 42. Be2 Bf6 43. Ra4 Bc8 44. Rb4 Rb7 45. Rxb7 Bxb7 46. Bc7 Nf7 47. g4 Bc8 48. gxf5 gxf5 49. Nf4 Bd8 50. Bb8 Kg7 51. Bh5 Be7 52. Ne2 Kf6 53. Nd4 Ne5 54. Bc7 Bd7 55. Nc2 f4 56. Nb4 Bc8 57. Be8 Nf3+ 58. Kg2 Nd2 59. Ba4 Bg4 60. Nc6 e3 61. fxe3 f3+ 62. Kg3 Ne4+ 63. Kxg4 f2 64. Kf3 f1Q+ 65. Kxe4 Qf5+ 66. Kd4 Kf7 67. Nxe7 Kxe7 68. Bb6 Qg4+ 69. Kc3 Qd1 70. Bd4 Qe1+ 71. Kd3 Qc1 72. Bc6 Kf7 73. Bd7 Kg6 74. Ba4 Kg5 75. Bd7 Kh4 76. Bc8 a5 77. Bd7 Kg3 78. Bc8 Kf3 79. Bd7 Qd1+ 80. Kc3 Qa1+ 81. Kd3 Qa2 82. Ba4 Qb1+ 83. Kd2 Ke4 84. Bb6 Qd3+ 85. Kc1 Qc3+ 86. Kb1 Kd3 87. Ka2 Qd2+ 88. Ka3 Qc1+ 89. Ka2 Qd2+ 90. Ka3 Qb4+ 0-1

[Event "Oberliga Ost-B 1415"]
[Site "Germany"]
[Date "2015.04.11"]
[Round "10.4"]
[White "Holvason, Juri"]
[Black "Sergin, Mark"]
[Result "1-0"]
[WhiteElo "2146"]
[BlackElo "2240"]
[PlyCount "59"]
[EventDate "2014.09.21"]
[EventType "team-tourn"]
[EventRounds "11"]
[EventCountry "GER"]
[SourceTitle "EXT 2016"]
[Source "ChessBase"]
[SourceDate "2015.10.08"]
[SourceVersion "1"]
[SourceVersionDate "2015.10.08"]
[SourceQuality "1"]
[WhiteTeam "Frankfurt BvK"]
[BlackTeam "Kassel"]
[WhiteTeamCountry "GER"]
[BlackTeamCountry "GER"]

1. e4 d5 2. exd5 Qxd5 3. Nc3 Qd6 4. Nf3 Nf6 5. d4 a6 6. g3 Bg4 7. Bg2 Nc6 8. Bf4 Qb4 9. h3 Bh5 10. g4 Bg6 11. Qd2 0-0-0 12. 0-0-0 e6 13. Rhe1 Qa5 14. Kb1 Nb4 15. Rc1 Ne4 16. Rxe4 Bxe4 17. a3 Bxc2+ 18. Rxc2 Nxc2 19. Qxc2 f6 20. Nd2 b5 21. Qe4 Qb6 22. Nb3 Kd7 23. d5 Re8 24. Be3 exd5 25. Qxd5+ Qd6 26. Nc5+ Ke7 27. Qb3 Rd8 28. Nd5+ Ke8 29. Bf4 Qxc5 30. Nxc7+ 1-0

[Event "Oberliga Ost-B 1415"]
[Site "Germany"]
[Date "2015.02.21"]
[Round "9.5"]
[White "Duncker, Joachim"]
[Black "Holvason, Juri"]
[Result "0-1"]
[WhiteElo "2251"]
[BlackElo "2146"]
[PlyCount "80"]
[EventDate "2014.09.21"]
[EventType "team-tourn"]
[EventRounds "11"]
[EventCountry "GER"]
[SourceTitle "EXT 2016"]
[Source "ChessBase"]
[SourceDate "2015.10.08"]
[SourceVersion "1"]
[SourceVersionDate "2015.10.08"]
[SourceQuality "1"]
[WhiteTeam "Marburg"]
[BlackTeam "Frankfurt BvK"]
[WhiteTeamCountry "GER"]
[BlackTeamCountry "GER"]

1. e4 c5 2. Nc3 e6 3. g3 d5 4. Bg2 d4 5. Nce2 Nf6 6. d3 Nc6 7. Nh3 e5 8. 0-0 Bd6 9. Bg5 h6 10. Bxf6 gxf6 11. f4 Qb6 12. b3 Bg4 13. fxe5 fxe5 14. Nf2 Bd7 15. g4 0-0-0 16. Ng3 Rdg8 17. Nf5 Bf8 18. Nh1 h5 19. gxh5 Nd8 20. Nhg3 Ne6 21. Qd2 Qc7 22. Rf2 Nf4 23. Kh1 Bxf5 24. Rxf4 exf4 25. Nxf5 Rxh5 26. Bf3 Rh3 27. Rf1 f6 28. Rf2 Rh7 29. a4 Bd6 30. Qe2 Be5 31. Bg4 Kb8 32. Qf3 Qa5 33. h3 Qe1+ 34. Kg2 Qc1 35. Re2 Rh5 36. h4 Rhh8 37. Kh3 Rg6 38. h5 Rg5 39. Nh4 Rhg8 40. Ng6 Qg1 0-1

[Event "Oberliga Ost-B 1415"]
[Site "Germany"]
[Date "2015.01.18"]
[Round "7.4"]
[White "Holvason, Juri"]
[Black "Schlamp, Robert"]
[Result "1/2-1/2"]
[WhiteElo "2146"]
[BlackElo "2271"]
[PlyCount "115"]
[EventDate "2014.09.21"]
[EventType "team-tourn"]
[EventRounds "11"]
[EventCountry "GER"]
[SourceTitle "EXT 2016"]
[Source "ChessBase"]
[SourceDate "2015.10.08"]
[SourceVersion "1"]
[SourceVersionDate "2015.10.08"]
[SourceQuality "1"]
[WhiteTeam "Frankfurt BvK"]
[BlackTeam "Oberursel"]
[WhiteTeamCountry "GER"]
[BlackTeamCountry "GER"]

1. b3 d5 2. Bb2 Nf6 3. e3 e6 4. f4 c5 5. Nf3 Nc6 6. Bb5 Bd7 7. 0-0 Be7 8. d3 0-0 9. Nbd2 Nb8 10. Bxd7 Nbxd7 11. Qe2 Qc7 12. Ne5 Nxe5 13. Bxe5 Qd8 14. Rf3 Nd7 15. Rh3 g6 16. Qg4 f5 17. Qe2 Nxe5 18. fxe5 Qa5 19. Nf3 Qc3 20. Rf1 Rad8 21. Qf2 Rf7 22. Rh6 b5 23. Rh3 Rg7 24. d4 Qa5 25. Ra1 c4 26. Qe1 Qxe1+ 27. Nxe1 Ba3 28. Rb1 Bf8 29. Rf3 cxb3 30. axb3 Rc7 31. Rf2 Rdc8 32. Rb2 a5 33. Ra2 Ra7 34. Nd3 Rca8 35. Rf1 Bb4 36. Kf2 Bc3 37. Ke2 Kf7 38. Rb1 Ke7 39. b4 axb4 40. Rxa7+ Rxa7 41. Nxb4 Bxb4 42. Rxb4 Ra5 43. Kd2 Kd7 44. Rb3 g5 45. Rb1 Kc6 46. Rf1 h5 47. g3 b4 48. h3 Ra2 49. Rb1 Kb5 50. Kd3 Ra3+ 51. Kd2 Kc4 52. Rf1 Ra2 53. Rb1 Ra7 54. Rf1 Ra3 55. h4 g4 56. Rg1 Ra2 57. Rb1 Ra3 58. Rf1 1/2-1/2

[Event "Oberliga Ost-B 1415"]
[Site "Germany"]
[Date "2014.10.19"]
[Round "3.2"]
[White "Hillmann, Michael"]
[Black "Holvason, Juri"]
[Result "0-1"]
[WhiteElo "2184"]
[BlackElo "2146"]
[PlyCount "76"]
[EventDate "2014.09.21"]
[EventType "team-tourn"]
[EventRounds "11"]
[EventCountry "GER"]
[SourceTitle "EXT 2016"]
[Source "ChessBase"]
[SourceDate "2015.10.08"]
[SourceVersion "1"]
[SourceVersionDate "2015.10.08"]
[SourceQuality "1"]
[WhiteTeam "Sangerhausen"]
[BlackTeam "Frankfurt BvK"]
[WhiteTeamCountry "GER"]
[BlackTeamCountry "GER"]

1. d4 Nf6 2. Bg5 d5 3. Bxf6 exf6 4. e3 Bd6 5. g3 0-0 6. Bg2 c6 7. Ne2 Nd7 8. 0-0 f5 9. Nd2 Nf6 10. c4 dxc4 11. Nxc4 Bc7 12. Nc3 Be6 13. Nd2 Rc8 14. b4 Qe7 15. a3 Rfd8 16. Nb3 b6 17. Qb1 Ng4 18. Re1 Qg5 19. f4 Qh6 20. h3 Nf6 21. Nd2 Qg6 22. Nf1 c5 23. Nb5 Bb8 24. bxc5 bxc5 25. Bb7 a6 26. Bxc8 Rxc8 27. Nc3 cxd4 28. Ne2 dxe3 29. Qd3 Qh5 30. h4 Qf3 31. Qxe3 Ba7 32. Nd4 Bxd4 33. Qxd4 Bd5 34. Ne3 Qh1+ 35. Kf2 Qh2+ 36. Kf1 Ne4 37. Nxf5 Nxg3+ 38. Nxg3 Qg2# 0-1

[Event "Oberliga Ost-B 1314"]
[Site "Germany"]
[Date "2013.12.15"]
[Round "5.1"]
[White "Holvason, Juri"]
[Black "Du Maire, Jerome"]
[Result "0-1"]
[WhiteElo "2166"]
[BlackElo "2107"]
[PlyCount "64"]
[EventDate "2013.10.13"]
[EventType "team-tourn"]
[EventRounds "11"]
[EventCountry "GER"]
[SourceTitle "EXT 2015"]
[Source "ChessBase"]
[SourceDate "2014.11.20"]
[SourceVersion "1"]
[SourceVersionDate "2014.11.20"]
[SourceQuality "1"]
[WhiteTeam "Frankfurt BvK"]
[BlackTeam "Liebschwitz"]
[WhiteTeamCountry "GER"]
[BlackTeamCountry "GER"]

1. e4 e6 2. d4 d5 3. Nd2 Nc6 4. Ngf3 Nf6 5. e5 Nd7 6. Nb3 a5 7. a4 Be7 8. h4 f6 9. Bd3 fxe5 10. dxe5 Ndxe5 11. Ng5 Nxd3+ 12. Qxd3 Ne5 13. Qe2 Nf7 14. Bd2 0-0 15. Qd3 Nxg5 16. hxg5 g6 17. Rh6 Rf7 18. f4 e5 19. g3 Bf5 20. Qe2 Bxc2 21. Bc3 d4 22. Bxd4 Bb4+ 23. Kf2 exd4 24. Qxc2 Qxg5 25. Rah1 Qe7 26. Qd3 c5 27. Kg2 Re8 28. Nc1 Qe6 29. R1h5 Qc6+ 30. Kh2 Re1 31. Rxg6+ hxg6 32. Rd5 Rh7+ 0-1

[Event "Oberliga Ost-B 1314"]
[Site "Germany"]
[Date "2013.11.24"]
[Round "4.2"]
[White "Holvason, Juri"]
[Black "Koelsch, Maximilian"]
[Result "0-1"]
[WhiteElo "2166"]
[BlackElo "2205"]
[PlyCount "176"]
[EventDate "2013.10.13"]
[EventType "team-tourn"]
[EventRounds "11"]
[EventCountry "GER"]
[SourceTitle "EXT 2015"]
[Source "ChessBase"]
[SourceDate "2014.11.20"]
[SourceVersion "1"]
[SourceVersionDate "2014.11.20"]
[SourceQuality "1"]
[WhiteTeam "Frankfurt BvK"]
[BlackTeam "Jena"]
[WhiteTeamCountry "GER"]
[BlackTeamCountry "GER"]

1. e4 c5 2. Nf3 e6 3. d4 cxd4 4. Nxd4 a6 5. Bd3 Qc7 6. 0-0 Nf6 7. c4 Bd6 8. Kh1 Nc6 9. Nxc6 dxc6 10. h3 e5 11. Be3 Qe7 12. Nc3 Be6 13. Na4 Nd7 14. a3 a5 15. Qh5 g6 16. Qh6 Nc5 17. Nb6 Rd8 18. Bc2 Bc7 19. Qg7 Rf8 20. Na4 Nxa4 21. Bxa4 f6 22. Qxe7+ Kxe7 23. Bc5+ Bd6 24. Bb6 Rd7 25. Rac1 Bc7 26. Bc5+ Bd6 27. Be3 Rfd8 28. Kh2 Bc7 29. g3 Kf7 30. Kg2 f5 31. Bg5 Rb8 32. exf5 gxf5 33. Bd1 Kg6 34. Bh4 Rd2 35. b3 Bd6 36. Re1 e4 37. g4 Bxa3 38. Rc2 Rd3 39. f3 Bb4 40. Rg1 e3 41. Re2 Kf7 42. Bc2 Rd2 43. Kf1 fxg4 44. hxg4 b5 45. Bg5 bxc4 46. Bxe3 Rxe2 47. Kxe2 cxb3 48. Be4 Bc4+ 49. Kf2 Bd5 50. Bxh7 Rh8 51. g5 Bc3 52. Bd3 a4 53. Bc5 a3 54. g6+ Kg8 55. Bxa3 Bd4+ 56. Kf1 Bxg1 57. Kxg1 Rh3 58. Kf2 Rxf3+ 59. Ke2 Rh3 60. Kd2 Rg3 61. Bd6 Rf3 62. Ba3 Be6 63. Be4 Rg3 64. Bd3 Rg5 65. Kc3 Kg7 66. Bb2 Bf5 67. Kxb3+ Kxg6 68. Bc4 Be4 69. Kb4 Bd5 70. Bd3+ Kf7 71. Bd4 Ke6 72. Bf2 Rg2 73. Bd4 Rd2 74. Kc3 Rd1 75. Bc2 Rh1 76. Ba7 Rh4 77. Bd3 Ra4 78. Bc5 Ke5 79. Bf8 Rg4 80. Bc5 Rg3 81. Ba7 Rh3 82. Bb8+ Ke6 83. Kc2 c5 84. Ba6 Be4+ 85. Kb2 Kd5 86. Bf4 Kd4 87. Bc7 Rh6 88. Bb5 Rh7 0-1

[Event "Oberliga Ost-B 1314"]
[Site "Germany"]
[Date "2013.11.10"]
[Round "3.2"]
[White "Maric, Davor"]
[Black "Holvason, Juri"]
[Result "1-0"]
[WhiteElo "2315"]
[BlackElo "2166"]
[PlyCount "87"]
[EventDate "2013.10.13"]
[EventType "team-tourn"]
[EventRounds "11"]
[EventCountry "GER"]
[SourceTitle "EXT 2015"]
[Source "ChessBase"]
[SourceDate "2014.11.20"]
[SourceVersion "1"]
[SourceVersionDate "2014.11.20"]
[SourceQuality "1"]
[WhiteTeam "Kassel"]
[BlackTeam "Frankfurt BvK"]
[WhiteTeamCountry "GER"]
[BlackTeamCountry "GER"]

1. Nf3 Nf6 2. g3 b5 3. Bg2 Bb7 4. 0-0 e6 5. d3 Be7 6. e4 d6 7. Re1 0-0 8. Nbd2 a6 9. d4 d5 10. e5 Nfd7 11. Nf1 c5 12. c3 Nc6 13. h4 Qb6 14. Bh3 b4 15. Ne3 Rad8 16. h5 Qa5 17. Bd2 Qb6 18. Bc1 Qa5 19. Bd2 Nb6 20. cxb4 cxb4 21. b3 Na8 22. h6 g6 23. Ng4 Nc7 24. Bg5 Ne8 25. Qd2 Rd7 26. Bxe7 Rxe7 27. Qf4 Qd8 28. Nf6+ Kh8 29. Ng5 Rc7 30. Nxe8 Rxe8 31. Nxf7+ Rxf7 32. Qxf7 Qe7 33. Qxe7 Rxe7 34. Red1 Kg8 35. Rac1 Kf7 36. Bf1 Nb8 37. Rc2 Ke8 38. Rdc1 Kd8 39. f4 Rd7 40. Kf2 Rf7 41. Ke3 Rd7 42. Bd3 Re7 43. Bxg6 hxg6 44. Rc7 1-0

[Event "Frankfurt-chA"]
[Site "Frankfurt"]
[Date "2013.06.10"]
[Round "6"]
[White "Holvason, Juri"]
[Black "Telljohann, Sven"]
[Result "0-1"]
[WhiteElo "2121"]
[BlackElo "2407"]
[PlyCount "72"]
[EventDate "2013.04.29"]
[EventType "swiss"]
[EventRounds "7"]
[EventCountry "GER"]
[SourceTitle "EXT 2014"]
[Source "ChessBase"]
[SourceDate "2013.11.20"]
[SourceVersion "1"]
[SourceVersionDate "2013.11.20"]
[SourceQuality "1"]

1. e4 g6 2. d4 Bg7 3. Nc3 a6 4. Be3 d6 5. Qd2 Nc6 6. h4 h5 7. f3 e5 8. d5 Nce7 9. Nh3 Bxh3 10. Rxh3 Bh6 11. f4 exf4 12. Bxf4 Bg7 13. 0-0-0 Nh6 14. Be2 Qd7 15. Kb1 Ng4 16. Rf1 Ng8 17. Rg3 N8h6 18. Nd1 Qe7 19. Bg5 Qe5 20. Rb3 0-0 21. Bf3 Rab8 22. Ne3 Nxe3 23. Bxe3 Ng4 24. Bf4 Qe7 25. Bg5 Qd7 26. Qd1 Ne5 27. Be2 Qa4 28. Rg3 Rbe8 29. b3 Qb4 30. Bf6 Bxf6 31. Rxf6 Qxe4 32. Bxh5 Qxh4 33. Bxg6 fxg6 34. Rgxg6+ Nxg6 35. Rxg6+ Kh7 36. Qd3 Qe4 0-1

[Event "Frankfurt-chA"]
[Site "Frankfurt"]
[Date "2013.06.03"]
[Round "5"]
[White "Calvi, Stefan"]
[Black "Holvason, Juri"]
[Result "0-1"]
[WhiteElo "2058"]
[BlackElo "2121"]
[PlyCount "133"]
[EventDate "2013.04.29"]
[EventType "swiss"]
[EventRounds "7"]
[EventCountry "GER"]
[SourceTitle "EXT 2014"]
[Source "ChessBase"]
[SourceDate "2013.11.20"]
[SourceVersion "1"]
[SourceVersionDate "2013.11.20"]
[SourceQuality "1"]

1. e4 d5 2. exd5 Qxd5 3. Nc3 Qd6 4. d4 Nf6 5. Nf3 a6 6. a4 Bg4 7. Be2 Nc6 8. Be3 0-0-0 9. Ng5 Bxe2 10. Qxe2 Qb4 11. 0-0 e5 12. Nxf7 exd4 13. Nxd8 Nxd8 14. Na2 Qe7 15. Rfe1 dxe3 16. Qxe3 Qxe3 17. Rxe3 Bc5 18. Re2 Nc6 19. c3 a5 20. Rd1 Rf8 21. h3 Nh5 22. Rdd2 b6 23. Nc1 Nf4 24. Re4 g5 25. Nb3 Bd6 26. Nd4 Nxd4 27. Rexd4 Ne6 28. Rc4 Kb7 29. b4 axb4 30. cxb4 Ra8 31. Re4 Nf4 32. b5 Rf8 33. g3 Ng6 34. Rd5 h6 35. Re6 Rg8 36. Rf5 Kc8 37. Rf7 h5 38. Kg2 Ne5 39. Rh7 h4 40. a5 Nc4 41. axb6 Nxb6 42. gxh4 gxh4+ 43. Kf1 Rf8 44. Kg1 Bc5 45. Re2 Rf4 46. Rg7 Rf3 47. Kg2 Rf5 48. Rg4 Nd5 49. Rc2 Bb6 50. Rxh4 Nf4+ 51. Kg3 Nd3 52. f4 Rxb5 53. Rg4 Rb3 54. Kh4 Rb5 55. Rg8+ Kb7 56. Kg4 Rb4 57. Rf8 Bc5 58. Rf5 Bd6 59. h4 Nxf4 60. Rxf4 Rxf4+ 61. Kg5 Rf3 62. h5 Rg3+ 63. Kf6 Bf4 64. Rf2 Be3 65. Rb2+ Kc6 66. Rb8 Kd7 67. Rb5 0-1

[Event "Frankfurt-chA"]
[Site "Frankfurt"]
[Date "2013.05.13"]
[Round "3"]
[White "Kuhn, Gerhard"]
[Black "Holvason, Juri"]
[Result "0-1"]
[WhiteElo "2003"]
[BlackElo "2121"]
[PlyCount "54"]
[EventDate "2013.04.29"]
[EventType "swiss"]
[EventRounds "7"]
[EventCountry "GER"]
[SourceTitle "EXT 2014"]
[Source "ChessBase"]
[SourceDate "2013.11.20"]
[SourceVersion "1"]
[SourceVersionDate "2013.11.20"]
[SourceQuality "1"]

1. e4 c5 2. c3 Nf6 3. e5 Nd5 4. d4 cxd4 5. cxd4 d6 6. Nf3 e6 7. a3 Nc6 8. Bd3 Be7 9. 0-0 0-0 10. Qe2 f5 11. exf6 Bxf6 12. Nc3 Nc7 13. Rd1 g6 14. Bh6 Rf7 15. Qc2 Nxd4 16. Nxd4 Bxd4 17. Bxg6 Rxf2 18. Bxh7+ Kh8 19. Rxd4 Rxc2 20. Bxc2 e5 21. Rd2 Be6 22. Ne4 Nb5 23. Bd3 Nd4 24. Bg5 Qb6 25. Bf6+ Kg8 26. Kh1 Nb3 27. Re2 Nxa1 0-1

[Event "Frankfurt-chA"]
[Site "Frankfurt"]
[Date "2013.05.06"]
[Round "2"]
[White "Holvason, Juri"]
[Black "Roggensack, Hans Peter"]
[Result "1/2-1/2"]
[WhiteElo "2121"]
[BlackElo "1950"]
[PlyCount "152"]
[EventDate "2013.04.29"]
[EventType "swiss"]
[EventRounds "7"]
[EventCountry "GER"]
[SourceTitle "EXT 2014"]
[Source "ChessBase"]
[SourceDate "2013.11.20"]
[SourceVersion "1"]
[SourceVersionDate "2013.11.20"]
[SourceQuality "1"]

1. c4 c6 2. Nf3 d5 3. g3 Nf6 4. Bg2 Bg4 5. 0-0 e6 6. d4 Be7 7. Nc3 0-0 8. Bf4 Nbd7 9. Nd2 Qb6 10. cxd5 Nxd5 11. Nxd5 cxd5 12. Qa4 Nb8 13. f3 Bh5 14. Be3 Nc6 15. Nb3 Qb4 16. Qxb4 Nxb4 17. Bf2 Rac8 18. a3 Nc6 19. Rac1 b6 20. Rc3 a5 21. Rfc1 Na7 22. Rc7 Bg5 23. e3 Rxc7 24. Rxc7 Nb5 25. Rc6 Bd8 26. g4 Bg6 27. Bg3 Bd3 28. Rc1 a4 29. Nd2 Bg5 30. Kf2 Ra8 31. h4 Bd8 32. Bf1 Bxf1 33. Kxf1 Na7 34. Nb1 Kf8 35. Ke2 Ke7 36. Kd3 Kd7 37. e4 Nb5 38. Re1 dxe4+ 39. fxe4 Rc8 40. Nc3 Nxc3 41. bxc3 b5 42. Rf1 Ba5 43. Be1 f6 44. Bd2 Bc7 45. g5 Ke7 46. Rg1 f5 47. Rf1 g6 48. h5 Bd6 49. Bc1 fxe4+ 50. Kc2 e5 51. Re1 Ke6 52. Rxe4 Kd5 53. Rh4 e4 54. hxg6 hxg6 55. Rh6 Rg8 56. Rh7 Ke6 57. Rb7 Rb8 58. Rg7 Rf8 59. Rxg6+ Kd5 60. Be3 Bxa3 61. Rb6 Kc4 62. Re6 b4 63. Rc6+ Kb5 64. Rc5+ Kb6 65. cxb4 Bxb4 66. Re5 Rc8+ 67. Kb1 Rc3 68. Rxe4 Rb3+ 69. Kc2 Rc3+ 70. Kd1 a3 71. d5+ Kb5 72. Bc1 a2 73. Bb2 Rd3+ 74. Kc2 Rxd5 75. Re5 Rxe5 76. Bxe5 Kc4 1/2-1/2

[Event "Oberliga Ost-B 1213"]
[Site "Germany"]
[Date "2013.04.14"]
[Round "11.5"]
[White "Holvason, Juri"]
[Black "Duncker, Joachim"]
[Result "1-0"]
[WhiteElo "2121"]
[BlackElo "2263"]
[PlyCount "113"]
[EventDate "2012.09.30"]
[EventType "team-tourn"]
[EventRounds "11"]
[EventCountry "GER"]
[SourceTitle "EXT 2014"]
[Source "ChessBase"]
[SourceDate "2013.11.20"]
[SourceVersion "1"]
[SourceVersionDate "2013.11.20"]
[SourceQuality "1"]
[WhiteTeam "Frankfurt BvK"]
[BlackTeam "Marburg"]
[WhiteTeamCountry "GER"]
[BlackTeamCountry "GER"]

1. e4 d5 2. exd5 Qxd5 3. Nc3 Qa5 4. Nf3 Nf6 5. d4 Bf5 6. Bc4 c6 7. Bd2 e6 8. Nd5 Qd8 9. Nxf6+ gxf6 10. Bb3 Qd6 11. Qe2 Nd7 12. Nh4 Bg6 13. 0-0-0 0-0-0 14. g3 Bg7 15. Bf4 Qb4 16. a3 Qb5 17. Qxb5 cxb5 18. Rhe1 e5 19. Be3 b6 20. f4 Rhe8 21. h3 exf4 22. Bxf4 f5 23. c3 Bf6 24. Nf3 Bh5 25. Rf1 Nf8 26. Bc2 Bg6 27. Bd3 a6 28. a4 Rd5 29. axb5 axb5 30. Ne1 Ne6 31. Nc2 Nxf4 32. gxf4 b4 33. Nxb4 Ra5 34. Kc2 Kb7 35. Rde1 Rc8 36. Be2 Bh4 37. Bf3+ Kc7 38. Re3 Kd6 39. Re5 Bf6 40. Rxa5 bxa5 41. Nd5 Bd8 42. Kd3 Rb8 43. Rf2 Bh4 44. Rg2 Bd8 45. Ne3 Ke6 46. Nd5 Kd6 47. c4 Rb3+ 48. Nc3 Kd7 49. Bd1 Rb8 50. Ba4+ Kc8 51. Re2 Bh5 52. Rg2 Bg6 53. d5 Bc7 54. Rf2 Rb4 55. b3 Kd8 56. Nb5 Bb8 57. Nd4 1-0

[Event "Oberliga Ost-B 1213"]
[Site "Germany"]
[Date "2013.02.24"]
[Round "8.3"]
[White "Derichs, Roger"]
[Black "Holvason, Juri"]
[Result "0-1"]
[WhiteElo "2301"]
[BlackElo "2121"]
[PlyCount "88"]
[EventDate "2012.09.30"]
[EventType "team-tourn"]
[EventRounds "11"]
[EventCountry "GER"]
[SourceTitle "EXT 2014"]
[Source "ChessBase"]
[SourceDate "2013.11.20"]
[SourceVersion "1"]
[SourceVersionDate "2013.11.20"]
[SourceQuality "1"]
[WhiteTeam "Giessen"]
[BlackTeam "Frankfurt BvK"]
[WhiteTeamCountry "GER"]
[BlackTeamCountry "GER"]

1. c4 Nf6 2. Nf3 g6 3. Nc3 Bg7 4. e4 d6 5. d4 0-0 6. Be3 Ng4 7. Bg5 f6 8. Bh4 g5 9. Bg3 Nh6 10. Be2 e5 11. 0-0 Nc6 12. d5 Ne7 13. Nd2 f5 14. exf5 Nhxf5 15. Nde4 Ng6 16. c5 a6 17. Rc1 Nf4 18. b4 Qe8 19. b5 Qg6 20. Re1 Nxe2+ 21. Qxe2 h5 22. f3 Nd4 23. Qd3 g4 24. fxg4 Bxg4 25. bxa6 Rxa6 26. cxd6 cxd6 27. Rf1 Ra3 28. Rxf8+ Bxf8 29. Qb1 Bf5 30. Qb2 Ra5 31. Nd2 Bh6 32. Rf1 Rc5 33. Kh1 Bd3 34. Ra1 Nc2 35. Nb3 Rc4 36. Na5 Rb4 37. Nb3 h4 38. Bf2 Nxa1 39. Qxa1 Rf4 40. Qe1 Qf5 41. Nd1 Be4 42. Ne3 Qg5 43. Kg1 Rxf2 44. Kxf2 Qf4+ 0-1